00649nam a22001937a 4500003001000000005001700010008004100027020001500068040001200083082001600095100002200111245005200133250001200185260005000197300003800247500002000285651001800305856013200323NUST-PNEC20170116181002.0141126b xxu||||| |||| 00| 0 eng d a0131851586 cLIBRARY a005.42 KEN akendall Kenneth E aSystems Analysis and DesigncKenneth E. Kendall a3rd ed. aNew Jersey USAbPearson Education Inccc.1995 axxviii, 572 p. :bill. ;c28 cm. aIncludes Index. xMIS, Computer uhttp://www.amazon.com/Systems-Analysis-Design-8th/dp/8120342062/ref=sr_1_1?ie=UTF8&qid=1416993162&sr=8-1&keywords=9788120342064